O burro falante (Record no. 149673)

MARC details
000 -LÍDER
campo de controle de tamanho fixo 00348 a2200145 4500
001 - NÚMERO DE CONTROLE
campo de controle 149673
040 ## - FONTE DA CATALOGAÇÃO
Instituição que transcreveu o registro Escola São Tomás de Aquino
100 ## - ENTRADA PRINCIPAL--NOME PESSOAL
Nome pessoal SANTOS, Joel Rufino dos
240 10 - TÍTULO UNIFORME
Título uniforme O burro falante
Idioma da obra por
245 10 - TÍTULO
Título O burro falante
300 ## - DESCRIÇÃO FÍSICA
Extensão 31
362 0# - DATAS DE PUBLICAÇÃO E/OU DESIGNAÇÃO SEQUENCIAL
Datas de publicação e/ou designação sequencial 1993
697 ## - ENTRADA DE ASSUNTO LOCAL--ENTIDADE COLETIVA (RLIN)
Nome corporativo ou nome da jurisdição Contos de Fadas e Clássicos da Literatura
942 ## - ELEMENTOS DE ENTRADA ADICIONADOS (KOHA)
Tipo de material Koha Livros
Holdings
Situação do descarte Situação das perdas Situação física Não pode ser emprestado Biblioteca de origem Biblioteca atual Data de aquisição Total de empréstimos Número de chamada completo Código de barras Data de último acesso Data do preço efetivo Tipo de material Koha
        ESTA - SÃO BENTO ESTA - SÃO BENTO 30/04/2024   028.55 SAN BUR EST00003686 30/04/2024 30/04/2024 Livros